India`s Struggle for independence (Record no. 10477)

MARC details
000 -LEADER
fixed length control field 00693cam a2200253ua 4500
001 - CONTROL NUMBER
control field 11684
005 - DATE AND TIME OF LATEST TRANSACTION
control field 20260515114802.0
008 - FIXED-LENGTH DATA ELEMENTS--GENERAL INFORMATION
fixed length control field 191019n ii |||gr||||Z||||||eng
020 ## - INTERNATIONAL STANDARD BOOK NUMBER
International Standard Book Number 9780140107814
040 ## - CATALOGING SOURCE
Transcribing agency MAIN
082 ## - DEWEY DECIMAL CLASSIFICATION NUMBER
Classification number 954.035
100 ## - MAIN ENTRY--PERSONAL NAME
Personal name Bipin Chanda,
Relator term Author.
245 ## - TITLE STATEMENT
Title India`s Struggle for independence
Statement of responsibility, etc. By Bipin Chandra et.al
250 ## - EDITION STATEMENT
Edition statement 1st ed.
260 ## - PUBLICATION, DISTRIBUTION, ETC.
Place of publication, distribution, etc. Haryana:
Name of publisher, distributor, etc. Penguin books,
Date of publication, distribution, etc. 2016.
300 ## - PHYSICAL DESCRIPTION
Extent 600p.
653 ## - INDEX TERM--UNCONTROLLED
Uncontrolled term South Asia India
653 ## - INDEX TERM--UNCONTROLLED
Uncontrolled term India`s Independence
700 ## - ADDED ENTRY--PERSONAL NAME
Personal name Mridula Mukherjee,
Relator term Author.
700 ## - ADDED ENTRY--PERSONAL NAME
Personal name Aditya Mukherjee,
Relator term Author.
700 ## - ADDED ENTRY--PERSONAL NAME
Personal name Sucheta Mahajan,
Relator term Author.
700 ## - ADDED ENTRY--PERSONAL NAME
Personal name K.N.Panikkar,
Relator term Author.
942 ## - ADDED ENTRY ELEMENTS (KOHA)
Koha item type Books
Holdings
Withdrawn status Lost status Damaged status Not for loan Home library Current library Shelving location Date acquired Total checkouts Full call number Barcode Date last seen Date last checked out Copy number Price effective from Koha item type
        Naharkatiya College Library Naharkatiya College Library General stacks 09/19/2020 2 954.035History of India | CHA 27126 03/18/2024 06/01/2023 1 09/19/2020 Books